|
|
|
|
| LEADER |
00974nam a2200253 a 4500 |
| 001 |
14390649 |
| 008 |
111207s2005 enk b 001 0 eng d |
| 010 |
|
|
|a 2006276717
|
| 020 |
|
|
|a 0335218490 (pbk.)
|
| 020 |
|
|
|a 9780335218493
|
| 020 |
|
|
|a 0070636184
|
| 040 |
|
|
|a UKM
|b eng
|c UKM
|d BAKER
|d DLC
|d BD-DhAAL
|
| 082 |
0 |
4 |
|a 362.1068
|2 22
|
| 245 |
0 |
0 |
|a Health care evaluation /
|c Sarah Smith ... [et al.].
|
| 260 |
|
|
|a Maidenhead ;
|a New York :
|b Open University Press ;
|a New Delhi :
|b Tata McGraw-Hill,
|c 2005.
|
| 300 |
|
|
|a viii, 208 p. ;
|c 24 cm.
|
| 490 |
|
0 |
|a Understanding public health
|
| 504 |
|
|
|a Includes bibliographical references and index.
|
| 541 |
1 |
|
|e 00023938
|
| 650 |
|
0 |
|a Medical care
|x Evaluation.
|
| 700 |
1 |
|
|a Smith, Sarah.
|
| 852 |
1 |
|
|a Ayesha Abed Library
|j General shelf
|
| 999 |
|
|
|c 11543
|d 11543
|
| 952 |
|
|
|0 0
|1 0
|2 ddc
|4 0
|6 362_106800000000000_HEA
|7 0
|9 18790
|a JPGSPH
|b JPGSPH
|d 2011-12-07
|e School of Public Helath
|l 0
|o 362.1068 HEA
|p 3060023938
|r 2011-12-07
|t 1
|w 2011-12-07
|y BK
|